<?xml version="1.0" encoding="UTF-8"?>
<record
    xmlns:xsi="http://www.w3.org/2001/XMLSchema-instance"
    xsi:schemaLocation="http://www.loc.gov/MARC21/slim http://www.loc.gov/standards/marcxml/schema/MARC21slim.xsd"
    xmlns="http://www.loc.gov/MARC21/slim">

  <leader>02506nam a22002297a 4500</leader>
  <controlfield tag="005">20230324160112.0</controlfield>
  <controlfield tag="008">230314b           ||||| |||| 00| 0 eng d</controlfield>
  <datafield tag="020" ind1=" " ind2=" ">
    <subfield code="a">9781119582519</subfield>
  </datafield>
  <datafield tag="040" ind1=" " ind2=" ">
    <subfield code="c">AL</subfield>
  </datafield>
  <datafield tag="041" ind1=" " ind2=" ">
    <subfield code="a">eng</subfield>
  </datafield>
  <datafield tag="082" ind1=" " ind2=" ">
    <subfield code="2">23</subfield>
    <subfield code="a">547.1226</subfield>
    <subfield code="b">STES</subfield>
  </datafield>
  <datafield tag="100" ind1=" " ind2=" ">
    <subfield code="a">Jonathan W Steed</subfield>
    <subfield code="9">75342</subfield>
  </datafield>
  <datafield tag="245" ind1=" " ind2=" ">
    <subfield code="a">Supramolecular Chemistry</subfield>
  </datafield>
  <datafield tag="250" ind1=" " ind2=" ">
    <subfield code="a">3rd ed.</subfield>
  </datafield>
  <datafield tag="260" ind1=" " ind2=" ">
    <subfield code="a">London</subfield>
    <subfield code="b">John Wiley and Sons</subfield>
    <subfield code="c">2022</subfield>
  </datafield>
  <datafield tag="300" ind1=" " ind2=" ">
    <subfield code="a">xxiii,1192p.</subfield>
    <subfield code="b">HB</subfield>
    <subfield code="c">28.2x21.8cm.</subfield>
  </datafield>
  <datafield tag="365" ind1=" " ind2=" ">
    <subfield code="2">General</subfield>
    <subfield code="a">8200</subfield>
    <subfield code="b">&#x20B9;7971.00</subfield>
    <subfield code="c">&#x20B9;</subfield>
    <subfield code="d">&#x20B9;10219.74</subfield>
    <subfield code="e">22%</subfield>
    <subfield code="f">03-03-2023</subfield>
  </datafield>
  <datafield tag="520" ind1=" " ind2=" ">
    <subfield code="a">A one-stop, comprehensive, and thoroughly updated resource for students, professors, and researchers alike 
Thoroughly revised and updated, the Third Edition of Supramolecular Chemistry delivers a comprehensive and integrated approach to this rapidly evolving and quickly expanding field. Distinguished professors and authors Jonathan Steed and Jerry Atwood provide readers with a broad and exhaustive resource that assumes little in the way of prior knowledge of supramolecular chemistry. 
Extensive new content on cutting edge research throughout the field including molecular machines and the mechanical bond, mechanochemistry, halogen bonding, and crystal nucleation accompanies full-color imagery and study problems designed to help students understand and apply the principles introduced within the book. Additional material is provided in the supplementary online resources, including solutions to the student exercises and PowerPoint slides of the figures in the book. Supramolecular Chemistry, Third Edition also includes: 
The latest research and developments reported  over the last decade 
A unique &#x201C;key references&#x201D; system that highlights crucial reviews and primary literature 
A description of  key experimental techniques included in accessible &#x201C;boxes&#x201D; for the non-expert 
Exercises and problems for students, complete with online solutions  
Full-color illustrations and imagery designed to facilitate learning and retention of the key concepts and state-of-the art of the field
Perfect for undergraduate and postgraduate students taking courses on supramolecular chemistry, the Third Edition of Supramolecular Chemistry also belongs on the bookshelves of all researchers in this, and any closely related, fields. Academics, in particular postdoctoral students and professors, will benefit significantly from this text. </subfield>
  </datafield>
  <datafield tag="650" ind1=" " ind2=" ">
    <subfield code="2">Chemistry</subfield>
    <subfield code="a">Organic Chemistry</subfield>
    <subfield code="9">75343</subfield>
  </datafield>
  <datafield tag="700" ind1=" " ind2=" ">
    <subfield code="a">Atwood, Jerry L</subfield>
    <subfield code="9">75344</subfield>
  </datafield>
  <datafield tag="942" ind1=" " ind2=" ">
    <subfield code="2">ddc</subfield>
    <subfield code="c">BK</subfield>
  </datafield>
  <datafield tag="999" ind1=" " ind2=" ">
    <subfield code="c">227026</subfield>
    <subfield code="d">227026</subfield>
  </datafield>
  <datafield tag="952" ind1=" " ind2=" ">
    <subfield code="0">0</subfield>
    <subfield code="1">0</subfield>
    <subfield code="2">ddc</subfield>
    <subfield code="4">0</subfield>
    <subfield code="7">0</subfield>
    <subfield code="8">GC</subfield>
    <subfield code="a">SACPG</subfield>
    <subfield code="b">SACPG</subfield>
    <subfield code="d">2023-03-08</subfield>
    <subfield code="e">Biblios Book Point</subfield>
    <subfield code="g">7971.00</subfield>
    <subfield code="l">1</subfield>
    <subfield code="o">547.1226 STES</subfield>
    <subfield code="p">PG024271</subfield>
    <subfield code="r">2023-08-30 00:00:00</subfield>
    <subfield code="s">2023-08-21</subfield>
    <subfield code="v">10219.74</subfield>
    <subfield code="w">2023-03-14</subfield>
    <subfield code="y">BK</subfield>
  </datafield>
</record>
